El diálogo transjudicial de los tribunales constitucionales entre sí y con las cortes internacionales de Derechos Humanos

Uloženo v:
Podrobná bibliografie
Médium: Kniha
Jazyk:španělština
Vydáno: Santiago Librotecnia 2012
Vydání:1a. ed
Témata:
Tagy: Přidat tag
Žádné tagy, Buďte první, kdo vytvoří štítek k tomuto záznamu!

MARC

LEADER 00000cam a2200000 a 4500
001 UCF1409
003 CL-VaPUC
008 120629e20120500CL |||||||||||||||||spa|d
020 |a 9789563270679 
082 0 4 |a 342.83  |b NOG  |2 21 
245 1 3 |a El diálogo transjudicial de los tribunales constitucionales entre sí y con las cortes internacionales de Derechos Humanos 
250 |a 1a. ed 
300 |a 525 p 
942 |c BK 
945 |d 20120629 00:00:00  |a dcastane 
260 |a Santiago  |b Librotecnia  |c 2012 
650 0 |a Derecho constitucional   |9 222588 
650 0 |a Tribunales constitucionales   |9 328554 
583 |a last modification  |c 20120629 12:35:00  |k Rodrigo Vera 
999 |c 348204  |d 348202 
952 |0 0  |1 0  |4 0  |6 342_830000000000000_NOG_2012  |7 0  |8 A  |9 450136  |a BIBDER  |b BIBDER  |d 2019-11-22  |i 4879910  |o 342.83 NOG 2012  |p 4879910  |r 2023-01-25  |w 2019-11-22  |y BK  |k DER